Algunas consideraciones sobre la construcción del marco teórico-referencial en la investigación educacional (Record no. 176468)
[ view plain ]
| 000 -CABECERA | |
|---|---|
| campo de control de longitud fija | 01604nab a2200337 a 4500 |
| 005 - FECHA Y HORA DE LA ÚLTIMA TRANSACCIÓN | |
| campo de control | 20210219162444.0 |
| 008 - ELEMENTOS DE LONGITUD FIJA--INFORMACIÓN GENERAL | |
| campo de control de longitud fija | 991125s1985 mx 000 0 spa u |
| 035 ## - NÚMERO DE CONTROL DEL SISTEMA | |
| Número de control de sistema | UPN01000204367 |
| 049 ## - COLECCIÓN | |
| Colección | ART-E |
| 100 1# - ASIENTO PRINCIPAL--NOMBRE PERSONAL | |
| Nombre de persona | Pulido Díaz, Arturo |
| 100 1# - ASIENTO PRINCIPAL--NOMBRE PERSONAL | |
| Filiación | arturop@ucp.pr.rimed.cu |
| 100 1# - ASIENTO PRINCIPAL--NOMBRE PERSONAL | |
| Nombre de persona | Cabezas Gómez, Omar |
| 100 1# - ASIENTO PRINCIPAL--NOMBRE PERSONAL | |
| Filiación | omarcg@ucp.pr.rimed.cu |
| 222 #0 - TÍTULO CLAVE | |
| Título clave | MENDIVE : |
| Información calificativa | REVISTA CIENTIFICO PEDAGOGICA |
| 245 00 - MENCIÓN DE TÍTULO | |
| Título | Algunas consideraciones sobre la construcción del marco teórico-referencial en la investigación educacional |
| 260 ## - PUBLICACIÓN, DISTRIBUCIÓN, ETC. | |
| Lugar de publicación, distribución, etc. | Pinar del Río, Cuba |
| 300 ## - DESCRIPCIÓN FÍSICA | |
| Extensión | 1-7 |
| 362 0# - FECHAS DE PUBLICACIÓN Y/O DESIGNACIÓN SECUENCIAL | |
| Fecha de publicación y/o designación secuencial | 2015, Vol. 13, no. 50. ene.-dic. |
| 336 ## - TIPO DE CONTENIDO | |
| Término de tipo de contenido | texto$2rdacontent |
| 337 ## - TIPO DE MEDIO | |
| Nombre/término del tipo de medio | computadora$2rdamedia |
| 338 ## - TIPO DE SOPORTE | |
| Nombre/término del tipo de soporte | recurso en linea$2rdacarrier |
| 520 3# - NOTA DE RESUMEN, ETC. | |
| Sumario, etc. | El artículo presenta las insuficiencias del comportamiento real del proceso de construcción del marco teórico-referencial, en las tesis de especialidades, maestrías y doctorado de la investigación educacional. En este sentido, se ofrece un conjunto de consideraciones teóricas y metodológicas para la construcción de dicho marco, que puede servir de propuestas a los docentes que imparten docencia y asesoran la formación académica de posgrado y a los propios investigadores en su actividad científica. |
| 653 0# - TERMINO DE INDIZACION - NO CONTROLADO | |
| Término no controlado | POSGRADO |
| 653 0# - TERMINO DE INDIZACION - NO CONTROLADO | |
| Término no controlado | FORMACION PARA LA INVESTIGACION |
| 653 0# - TERMINO DE INDIZACION - NO CONTROLADO | |
| Término no controlado | ELABORACION DE TESIS |
| 653 0# - TERMINO DE INDIZACION - NO CONTROLADO | |
| Término no controlado | METODOLOGIA |
| 653 0# - TERMINO DE INDIZACION - NO CONTROLADO | |
| Término no controlado | INVESTIGACION EDUCATIVA |
| 856 4# - LOCALIZACIÓN Y ACCESO ELECTRÓNICOS | |
| Identificador Uniforme del Recurso | <a href="http://www.revistamendive.rimed.cu/nfuentes/num50/pdf/Art_1_Arturo.pdf">http://www.revistamendive.rimed.cu/nfuentes/num50/pdf/Art_1_Arturo.pdf</a> |
| 905 ## - TIPO DE MATERIAL | |
| Tipo de material | Articulo |
No items available.
